[Event "Cheliabinsk Kibizov Memorial 8th"]
[Site "Cheliabinsk"]
[Date "2013.06.26"]
[Round "5"]
[White "Borisov, Viktor"]
[Black "Talypov, Ildar"]
[Result "0-1"]
[WhiteElo "1746"]
[BlackElo "1615"]
[PlyCount "80"]
[EventDate "2013.06.22"]
[EventType "swiss"]
[EventRounds "9"]
[EventCountry "RUS"]
[SourceTitle "EXT 2014"]
[Source "ChessBase"]
[SourceDate "2013.11.20"]
[SourceVersion "1"]
[SourceVersionDate "2013.11.20"]
[SourceQuality "1"]

1. c4 c5 2. g3 g6 3. Bg2 Bg7 4. Nc3 Nc6 5. d3 d5 6. e4 Nf6 7. Nge2 0-0 8. 0-0 Rb8 9. Rb1 a6 10. a4 Bd7 11. Bd2 Nb4 12. Be1 b6 13. Nxd5 Nfxd5 14. exd5 a5 15. Bc3 Qc8 16. Bxg7 Kxg7 17. b3 Bh3 18. Rb2 Bxg2 19. Kxg2 Qf5 20. Rd2 Rbe8 21. d4 Qe4+ 22. f3 Qf5 23. dxc5 bxc5 24. Nc3 Rd8 25. Re1 Rfe8 26. Ne4 Kg8 27. d6 exd6 28. Rxd6 Rxd6 29. Qxd6 Re6 30. Qd7 Nc2 31. Qd8+ Kg7 32. Re2 Nd4 33. Re3 Nxf3 34. Nd6 Qc2+ 35. Kxf3 Qd1+ 36. Kg2 Qd2+ 37. Kh3 Qxe3 38. Qb6 Qe5 39. Nxf7 Kxf7 40. Qxa5 Qf5+ 0-1